| 000 | 01062nas a2200301 4500 | ||
|---|---|---|---|
| 001 | BR0801795 | ||
| 003 | BR-BrBNA | ||
| 005 | 20231205111807.0 | ||
| 007 | ta | ||
| 008 | 230509b bl.|||p| |||| 00| 00por d | ||
| 040 |
_aBR-BrBNA _bpor _cBiblioteca Nacional de Agricultura |
||
| 041 | _a(Pt) | ||
| 072 | _aQ54; M12 | ||
| 100 | 1 | _aPádua, D.M.C. | |
| 100 | 1 | _aUrbinati, E.C. | |
| 100 | 1 | _aCarneiro, D.J. | |
| 100 | 1 | _aPádua, J.T. | |
| 100 | 1 | _aSilva, P.C. | |
| 245 | 1 | _aDeterminação da composição em aminoácidos das proteínas da levedura de álcool (Saccharomyces cerevisiae)seca e da farinha de peixe como ingredientes para rações de peixes de água doce | |
| 650 | _aPEIXE DE ÁGUA DOCE | ||
| 650 | _aRAÇÃO | ||
| 650 | _aPROTEÍNA | ||
| 650 | _aANÁLISE COMPARATIVA | ||
| 650 | _aVALOR NUTRITIVO | ||
| 773 | 0 |
_tAnais da Escola de Agronomia e Veterinária - Universidade Federal de Goiás (Brazil) _xISSN 0100-218X _g(Jul-Dec 1997), V. 27(2) p. 85-97 _wBR0801795 |
|
| 909 |
_a202311 _bLúcia _c55 _dLúcia Elande |
||
| 942 |
_2AGRIS _n0 _cANA |
||
| 999 |
_c194512 _d194512 |
||